00928ngm a2200289 4500003000400000005001700004007000400021008004100025010002000066024001000086035002000096040001300116082001500129245007300144260002800217300005000245440003300295500014000328538004900468650001900517700002100536700001800557700001200575700001800587700001600605700001700621dpl20091113114444.0DVD||||||sp199 xxu|||||c ||| 00| 0 ng d  aDVD-004578-4583 c49.00 aDVD-004578-4583 aDPLcDPL aDVD / EKCH aEk Chalis Ki Last LocalcBharat Shah Presentsh[videorecording] DVD/ bMoserbaer Entertainment a1 videodisc DVD;bsd., col. ;c4 3/4 in.fDVD aMoserbaer Home Entertainment aMoserbaer India Ltd. has obtained the necessary licence/conssent from the owner of the copyright in the wroks for making this DVD Film. aDolby Digital 5.1 - Hindi Subtitles: English aMotion Picture aKhanduri, Sanjay aVijayasri, C. aMehboob aTewari, Ankur aDeol, Abhay aDuphia, Neha